000 00618nam a2200229Ia 4500
003 OSt
005 20220928144607.0
006 a|||||r|||| 00| 0
007 ta
008 220927b |||||||| |||| 00| 0 eng d
024 _a72360
037 _cTextual
040 _aSDCL
_cSDCL
_beng
041 _2eng
_aeng
082 _aL:426, M2
100 _aCappuccinelli Piero Ed.
_9508642
245 0 _aMicrotubules in microorganisms.
260 _c1982
700 _a Morris N Ronald Ed.
_9508643
942 _hL:426, M2
_cTEXL
_2CC
999 _c828414
_d828414